Sports Quiz

Random Sports or Automobiles Quiz

Nascar Car manufacturers Quiz Stats

 Plays Quiz not verified by Sporcle

Challenge
Share
Tweet
Embed
Score 0/14 Timer 10:00
0 Plays Today
Year(s) running Manufacturers % Correct
1949 - Present DayFord
98.8%
1949 - Present DayChevrolet
96.8%
2007 - Present DayToyota
96.1%
1950 - Present DayDodge
93.7%
1950 - 2004Pontiac
84.7%
1949 - 1992Buick
67.6%
1949 - 1993Oldsmobile
60.8%
Year(s) running Manufacturers % Correct
1949 - 1985Chrysler
58.4%
1949 - 1971Plymouth
55.7%
1949 - 1980Mercury
49.9%
1949 - 1957Lincoln
40.9%
1949 - 1956Hudson
37.5%
1949 - 1955Cadillac
36.3%
1953 - 1956Jaguar
30.7%

You're not logged in!

Compare scores with friends on all Sporcle quizzes.
Join for Free
OR
Log In

You Might Also Like...

Show Comments

Extras

Top Quizzes Today


Score Distribution

Your Account Isn't Verified!

In order to create a playlist on Sporcle, you need to verify the email address you used during registration. Go to your Sporcle Settings to finish the process.

Report this User

Report this user for behavior that violates our Community Guidelines.

Details: